00590nam a2200217 a 4500001001300000003000900013005001700022008004100039020001000080082001300090245002500103260003100128300000800159500003500167650001800202710000900220902000800229942000700237952011300244999001500357nice12345678IN_TiNIC20260116011627.0050524s0000 egya grp 000 0 ara  ac10000a244bSPC aAla Afwahal Haiwanat aEgyptbNo Publishersc0000 a90p aincludes index and biblioraphy aBible Stories2 aSpck bSRS cBK 001040708StackRoom-aHMIbHMId2008-04-15g100.00l0o244 SPCp04801r2008-04-15v100.00w2005-05-24yBK c2970d2970